000 00298nam a22001337a 4500
008 170519b xxu||||| |||| 00| 0 eng d
020 _a0195025288
041 _aeng
080 _a94(7/8)
100 _a16
101 _aSHH
245 _aTHE END OF AMERICAN INNOCENCE
_cMAY, H.F
942 _2udc
_cBK
999 _c13570
_d13570